Library of the University of Algiers 3
Ibrahim Sultan Cheibout
شعار جامعة الجزائر 3
مكتبة جامعة الجزائر 3
إبراهيم سلطان شيبوط

نظرية الإحتمالات والتوزيعات الإحتمالية : (رقم التسجيلة. 45471)

تفاصيل مارك
000 -LEADER
fixed length control field 01313nam a2200229Ia 4500
003 - CONTROL NUMBER IDENTIFIER
control field Ost
005 - DATE AND TIME OF LATEST TRANSACTION
control field 20260507075645.0
008 - FIXED-LENGTH DATA ELEMENTS--GENERAL INFORMATION
fixed length control field 260507s9999||||xx |||||||||||||| ||und||
040 ## - CATALOGING SOURCE
Transcribing agency fsecg
041 ## - LANGUAGE CODE
Language code of text/sound track or separate title ara
082 ## - DEWEY DECIMAL CLASSIFICATION NUMBER
Classification number 519.2
100 ## - MAIN ENTRY--PERSONAL NAME
Personal name غيضان،عبد الحميد محمد ربيع
Relator term مؤلف
245 #0 - TITLE STATEMENT
Title نظرية الإحتمالات والتوزيعات الإحتمالية :
Remainder of title نظرية الاحتمالات و المتغيرات العشوائية و دوال توزيعاتها الاحتمالية /
Statement of responsibility, etc. عبد الحميد محمد ربيع غيضان
260 ## - PUBLICATION, DISTRIBUTION, ETC.
Place of publication, distribution, etc. القاهرة:
Name of publisher, distributor, etc. دار الكتب الأكاديمية,
Date of publication, distribution, etc. 2004
300 ## - PHYSICAL DESCRIPTION
Extent 788 صفحة؛
Other physical details إيضاحات ؛
Dimensions 25 سم
504 ## - BIBLIOGRAPHY, ETC. NOTE
Bibliography, etc. note المراجع ص.779
520 ## - SUMMARY, ETC.
Summary, etc. نظرية الاحتمالات ، المتغيرات العشوائية و دوال التوزيع الاحتمالي ، مقاييس النزعة المركزية (معالم الموضع) و التشتت و العزوم ، الانحدار و الارتباط و الاقتران ، الدوال المميزة ، توزيعات دوال في متغيرات عشوائية و تحويل المتغيرات .
653 ## - INDEX TERM--UNCONTROLLED
Uncontrolled term الإحتمالات
653 ## - INDEX TERM--UNCONTROLLED
Uncontrolled term الإحصاء الرياضي
653 ## - INDEX TERM--UNCONTROLLED
Uncontrolled term الرياضيات
942 ## - ADDED ENTRY ELEMENTS (KOHA)
Koha item type كتب
المقتنيات
Withdrawn status Lost status Source of classification or shelving scheme Damaged status Not for loan Home library Current library Date acquired Serial enumeration / chronology Inventory number Total checkouts Full call number Barcode Date last seen Price effective from Koha item type
    Dewey Decimal Classification   Available مكتبة كلية العلوم الإقتصادية والعلوم التجارية وعلوم التسيير مكتبة كلية العلوم الإقتصادية والعلوم التجارية وعلوم التسيير 07/05/2026 الطابق الأرضي 1/1/989   أ/989ج1ن1 1/1/989 07/05/2026 07/05/2026 كتب
    Dewey Decimal Classification   Available مكتبة كلية العلوم الإقتصادية والعلوم التجارية وعلوم التسيير مكتبة كلية العلوم الإقتصادية والعلوم التجارية وعلوم التسيير 07/05/2026 الطابق الأرضي 2/1/989   أ/989ج1ن2 2/1/989 07/05/2026 07/05/2026 كتب
    Dewey Decimal Classification   Available مكتبة كلية العلوم الإقتصادية والعلوم التجارية وعلوم التسيير مكتبة كلية العلوم الإقتصادية والعلوم التجارية وعلوم التسيير 07/05/2026 الطابق الأرضي 3/1/989   أ/989ج1ن3 3/1/989 07/05/2026 07/05/2026 كتب
    Dewey Decimal Classification   Available مكتبة كلية العلوم الإقتصادية والعلوم التجارية وعلوم التسيير مكتبة كلية العلوم الإقتصادية والعلوم التجارية وعلوم التسيير 07/05/2026 الطابق الثاني 4/1/989   أ/989ج1ن4 4/1/989 07/05/2026 07/05/2026 كتب
    Dewey Decimal Classification   Available مكتبة كلية العلوم الإقتصادية والعلوم التجارية وعلوم التسيير مكتبة كلية العلوم الإقتصادية والعلوم التجارية وعلوم التسيير 07/05/2026 الطابق الثاني 5/1/989   أ/989ج1ن5 5/1/989 07/05/2026 07/05/2026 كتب
    Dewey Decimal Classification   NOT LOAN / إعارة داخلية مكتبة كلية العلوم الإقتصادية والعلوم التجارية وعلوم التسيير مكتبة كلية العلوم الإقتصادية والعلوم التجارية وعلوم التسيير 07/05/2026 الطابق الأرضي 025.21/41   أ/989ج1ن6 025.21/41 07/05/2026 07/05/2026 كتب

موارد الويب المفتوحة


© University of Algiers 3 All Rights Reserved
|
Implemented by LECHELAH Riad